000
00254nam a2200097Ia 4500
001
643099
005
20250826153539.0
008
250824s9999 xx 000 0 und d
245
0
_a
TALİHSİZ SER 7 KARGA LANETİ SC
_c
LEMONY SNICKET
260
_b
DOĞAN EGMONT
999
_c
643099
_d
643099